000 00705nam a22002057a 4500
003 OSt
005 20250829060415.0
008 250829b |||||||| |||| 00| 0 eng d
020 _a978-971-510-272-8
040 _aDWC-Main Lib
_cOC
082 _aRes. 282.599 L429s 2017
100 _aLayugan, Michael G.
245 _aShepherding a parish :
_bcollaboration in an SVD mission sacred heart parish shrine- kamuning/
_cMichael G. Layugan
260 _aManila, Philippines :
_bLogos Publications,
_cc2017.
300 _a308 pages :
_billustrations ;
_c25cm.
650 _a1. Philippines.
650 _a2. Catholic church.
650 _a3. Society of the Divine Word.
942 _2ddc
_cBK-0 CIRC
_kRes.
_n0
999 _c4343
_d4343